000 00348nam a2200133Ia 4500
008 210430s9999 xx 000 0 und d
020 _a978-81-203-4070-1
082 _a530 K9636 I
100 _aArun Kumar
_954268
245 _aIntroduction to Solid State Physics
_cArun Kumar
260 _aIndia
_bPHI
_c2010
300 _a492P
942 _cBK
_2ddc
999 _c564760
_d564760